[Event "Bayern-ch Seniors op 27th"]
[Site "Bergen"]
[Date "2015.06.15"]
[Round "6"]
[White "Ewald, Frithjof"]
[Black "Garms, Ilse"]
[Result "1/2-1/2"]
[WhiteElo "1319"]
[BlackElo "1553"]
[PlyCount "80"]
[EventDate "2015.06.15"]
[EventType "swiss"]
[EventRounds "9"]
[EventCountry "GER"]
[SourceTitle "EXT 2019"]
[Source "ChessBase"]
[SourceDate "2018.10.10"]
[SourceVersion "1"]
[SourceVersionDate "2018.10.10"]
[SourceQuality "1"]

1. d4 d5 2. Nf3 Nf6 3. c4 dxc4 4. Nc3 c6 5. a4 e6 6. e3 Be7 7. Bxc4 0-0 8. 0-0 Re8 9. Re1 Nbd7 10. h3 h5 11. e4 Nh7 12. e5 Ndf8 13. Nh2 c5 14. Ne4 Qxd4 15. Qxd4 cxd4 16. Bd3 Rd8 17. f4 b6 18. Nf3 Bb7 19. h4 Rac8 20. Bd2 a5 21. b3 Ng6 22. g3 Bb4 23. Rac1 Rxc1 24. Rxc1 Bxd2 25. Nfxd2 Bd5 26. Rc7 Ngf8 27. Bc4 f6 28. Bxd5 Rxd5 29. Nc4 d3 30. Ned2 Nd7 31. Ne3 Rd4 32. Rc4 Rxc4 33. Nexc4 Nhf8 34. Kf2 Ng6 35. Nf3 Kf7 36. Ke3 Nc5 37. Nd4 Nd7 38. Ke4 d2 39. Nxd2 fxe5 40. fxe5 Ngxe5 1/2-1/2

[Event "Bayern-ch Seniors 25th"]
[Site "Bergen"]
[Date "2013.06.19"]
[Round "6.48"]
[White "Ewald, Frithjof"]
[Black "Schweighard, Hubert"]
[Result "1/2-1/2"]
[WhiteElo "1377"]
[BlackElo "1255"]
[PlyCount "40"]
[EventDate "2013.06.15"]
[EventType "swiss"]
[EventRounds "9"]
[EventCountry "GER"]
[SourceTitle "EXT 2022"]
[Source "ChessBase"]
[SourceDate "2021.10.06"]
[SourceVersion "1"]
[SourceVersionDate "2021.10.06"]
[SourceQuality "1"]

1. d4 Nf6 2. e3 g6 3. Bd3 Bg7 4. Nd2 0-0 5. f4 d6 6. Ngf3 c5 7. c3 cxd4 8. cxd4 Nc6 9. a3 a6 10. 0-0 b5 11. b4 Bb7 12. Ne4 Nd7 13. Neg5 e5 14. Ra2 exd4 15. e4 Re8 16. Qb3 Re7 17. f5 Qe8 18. fxg6 hxg6 19. Raf2 Nf6 20. Nh4 Ne5 1/2-1/2

[Event "Bayern-ch Seniors 24nd"]
[Site "Bergen"]
[Date "2012.06.16"]
[Round "1"]
[White "Ewald, Frithjof"]
[Black "Koenigl, Anton"]
[Result "0-1"]
[WhiteElo "1327"]
[BlackElo "1728"]
[PlyCount "82"]
[EventDate "2012.06.16"]
[EventType "swiss"]
[EventRounds "9"]
[EventCountry "GER"]
[SourceTitle "EXT 2015"]
[Source "ChessBase"]
[SourceDate "2014.11.20"]
[SourceVersion "1"]
[SourceVersionDate "2014.11.20"]
[SourceQuality "1"]

1. e4 c5 2. Nf3 e6 3. d4 cxd4 4. Nxd4 Nf6 5. Nc3 a6 6. a3 Qc7 7. Be2 Be7 8. Be3 b5 9. Bf3 Bb7 10. Qd2 0-0 11. Bg5 Nc6 12. Nxc6 dxc6 13. 0-0 Rfe8 14. Rfe1 Nd7 15. Bxe7 Rxe7 16. Be2 Qb6 17. Qd6 Rae8 18. Rad1 Nf8 19. Bd3 Rd7 20. Qg3 Red8 21. Qe3 Qxe3 22. Rxe3 c5 23. b4 c4 24. Be2 Ng6 25. f3 Nf4 26. Rxd7 Rxd7 27. g3 Ng6 28. Nb1 Ne7 29. Kf2 Nc6 30. Ke1 Kf8 31. Rc3 f5 32. Nd2 Nd4 33. e5 g5 34. f4 g4 35. Kf2 h5 36. Nf1 Be4 37. Ne3 h4 38. gxh4 Rh7 39. Bf1 Rxh4 40. Kg3 Rh7 41. Bg2 Ne2+ 0-1

[Event "Bayern-ch Seniors 21st"]
[Site "Bergen"]
[Date "2009.06.25"]
[Round "6"]
[White "Ewald, Frithjof"]
[Black "Ponnath, Klaus"]
[Result "1-0"]
[WhiteElo "1235"]
[BlackElo "1486"]
[PlyCount "81"]
[EventDate "2009.06.20"]
[EventType "swiss"]
[EventRounds "9"]
[EventCountry "GER"]
[SourceTitle "EXT 2015"]
[Source "ChessBase"]
[SourceDate "2014.11.20"]
[SourceVersion "1"]
[SourceVersionDate "2014.11.20"]
[SourceQuality "1"]

1. e4 g6 2. Nf3 d6 3. d4 Bg7 4. c3 Nf6 5. Qc2 0-0 6. Bg5 h6 7. Be3 Nbd7 8. Nbd2 Ng4 9. Qd3 Nxe3 10. Qxe3 Nf6 11. h3 c6 12. g4 g5 13. h4 Nxg4 14. Qd3 gxh4 15. Rxh4 e5 16. Bh3 Nf6 17. 0-0-0 Bxh3 18. Rxh3 Ng4 19. Qe2 exd4 20. Nxd4 Ne5 21. Nf5 Ng6 22. Nxh6+ Bxh6 23. Rxh6 Kg7 24. Rh3 Rh8 25. Rg3 Qf6 26. Qe3 Kf8 27. Nc4 Qf4 28. Nxd6 Rh2 29. Rf3 Qxe3+ 30. fxe3 Nh8 31. Nxb7 Rb8 32. Rd8+ Rxd8 33. Nxd8 c5 34. Ne6+ Ke7 35. Nxc5 Kd6 36. Nd3 Ke6 37. Rf2 Rh1+ 38. Kc2 Ng6 39. Nf4+ Ke5 40. Ne2 Kxe4 41. Ng3+ 1-0

[Event "Bayern-ch Seniors 21st"]
[Site "Bergen"]
[Date "2009.06.20"]
[Round "1"]
[White "Ewald, Frithjof"]
[Black "Worschech, Roland"]
[Result "0-1"]
[WhiteElo "1235"]
[BlackElo "1689"]
[PlyCount "38"]
[EventDate "2009.06.20"]
[EventType "swiss"]
[EventRounds "9"]
[EventCountry "GER"]
[SourceTitle "EXT 2015"]
[Source "ChessBase"]
[SourceDate "2014.11.20"]
[SourceVersion "1"]
[SourceVersionDate "2014.11.20"]
[SourceQuality "1"]

1. e4 c5 2. Nf3 d6 3. d4 cxd4 4. Nxd4 Nf6 5. Nc3 g6 6. h3 Bg7 7. Be3 0-0 8. Qd2 Nc6 9. Nf3 Bd7 10. Be2 Rc8 11. Bh6 Qb6 12. Bxg7 Kxg7 13. a3 Qxb2 14. 0-0 Na5 15. Rfb1 Qxc3 16. Qxc3 Rxc3 17. e5 dxe5 18. Nxe5 Ba4 19. Bd3 Rfc8 0-1